| 000 | 00759nam a22002177a 4500 | ||
|---|---|---|---|
| 003 | 0 | ||
| 005 | 20251029132147.0 | ||
| 008 | 251029b xxu||||| |||| 00| 0 eng d | ||
| 020 | _a978-1-98469-432-4 | ||
| 050 |
_aHF 5686.H75 _b.H55 2025 |
||
| 100 |
_aHill, Alexander, _eauthor. |
||
| 245 |
_aInnovations in guest experience management / _cAlexander Hill. |
||
| 260 |
_aNew York, NY : _b3G E-Learning LLC, _c2025. |
||
| 300 |
_axviii, 269 pages : _bcolored illustrations ; _c26 cm. |
||
| 504 | _aIncludes bibliographical references and index. | ||
| 650 |
_aHospitality industry _xManagement. |
||
| 650 |
_aCustomer relations _xManagement. |
||
| 650 |
_aService industries _xTechnological innovations. |
||
| 650 | _aConsumer satisfaction. | ||
| 942 |
_2lcc _cBK |
||
| 999 |
_c368405 _d368405 |
||